LEADER 01107nam--2200361---450- 001 990006087940203316 005 20151016135739.0 010 $a978-88-16-41300-9 035 $a000608794 035 $aUSA01000608794 035 $a(ALEPH)000608794USA01 035 $a000608794 100 $a20151016d2015----km-y0itay50------ba 101 1 $aita$ceng 102 $aIT 105 $ay|||||||001yy 200 1 $aDecolonizzare la mente$ela politica della lingua nella letteratura africana$fNg?g? wa Thiong'o$gtraduzione di Maria Teresa Carbone 210 $aMilano$cJaca book$d2015 215 $a126 p.$d23 cm 410 0$12001 454 0$12001$aDecolonising the mind$91161535 606 0 $aLetteratura$yAfrica$zSec. 20.$2BNCF 676 $a809.896 700 0$aNG?G? WA THIONG'O$0244210 702 1$aCARBONE,$bMaria Teresa 801 0$aIT$bsalbc$gISBD 912 $a990006087940203316 951 $aVIII.2.B. 106$b10792 L.G.$cVIII.2.$d379301 959 $aBK 969 $aUMA 979 $aANNAMARIA$b90$c20151016$lUSA01$h1357 996 $aDecolonising the mind$91161535 997 $aUNISA LEADER 03411nam 22006612 450 001 9910825016003321 005 20151005020621.0 010 $a1-107-45500-6 010 $a1-107-46205-3 010 $a1-107-45983-4 010 $a1-107-46906-6 010 $a1-107-46552-4 010 $a1-107-47267-9 010 $a1-139-00385-2 035 $a(CKB)2670000000497637 035 $a(EBL)1543594 035 $a(OCoLC)913796948 035 $a(SSID)ssj0001062901 035 $a(PQKBManifestationID)12412624 035 $a(PQKBTitleCode)TC0001062901 035 $a(PQKBWorkID)11017782 035 $a(PQKB)11723409 035 $a(UkCbUP)CR9781139003858 035 $a(MiAaPQ)EBC1543594 035 $a(WaSeSS)IndRDA00052713 035 $a(Au-PeEL)EBL1543594 035 $a(CaPaEBR)ebr11066106 035 $a(CaONFJC)MIL801405 035 $a(PPN)261367331 035 $a(EXLCZ)992670000000497637 100 $a20110124d2014|||| uy| 0 101 0 $aeng 135 $aur||||||||||| 181 $ctxt$2rdacontent 182 $cc$2rdamedia 183 $acr$2rdacarrier 200 10$aConvex bodies $ethe Brunn-Minkowski theory /$fRolf Schneider, Albert-Ludwigs-Universitat Freiburg, Germany$b[electronic resource] 205 $aSecond edition. 210 1$aCambridge :$cCambridge University Press,$d2014. 215 $a1 online resource (xxii, 736 pages) $cdigital, PDF file(s) 225 1 $aEncyclopedia of mathematics and its applications ;$vvolume 151 300 $aTitle from publisher's bibliographic system (viewed on 05 Oct 2015). 311 $a1-107-47368-3 311 $a1-107-60101-0 320 $aIncludes bibliographical references and indexes. 327 $aBasic convexity -- Boundary structure -- Minkowski addition -- Support measures and intrinsic volumes -- Mixed volumes and related concepts -- Valuations on convex bodies -- Inequalities for mixed volumes -- Determination by area measures and curvatures -- Extensions and analogues of the Brunn--Minkowski theory -- Affine constructions and inequalities. 330 $aAt the heart of this monograph is the Brunn-Minkowski theory, which can be used to great effect in studying such ideas as volume and surface area and their generalizations. In particular, the notions of mixed volume and mixed area measure arise naturally and the fundamental inequalities that are satisfied by mixed volumes are considered here in detail. The author presents a comprehensive introduction to convex bodies, including full proofs for some deeper theorems. The book provides hints and pointers to connections with other fields and an exhaustive reference list. This second edition has been considerably expanded to reflect the rapid developments of the past two decades. It includes new chapters on valuations on convex bodies, on extensions like the Lp Brunn-Minkowski theory, and on affine constructions and inequalities. There are also many supplements and updates to the original chapters, and a substantial expansion of chapter notes and references. 410 0$aEncyclopedia of mathematics and its applications ;$vv. 151. 606 $aConvex bodies 615 0$aConvex bodies. 676 $a516.3/74 700 $aSchneider$b Rolf$f1940-$01140742 801 0$bUkCbUP 801 1$bUkCbUP 906 $aBOOK 912 $a9910825016003321 996 $aConvex bodies$94106671 997 $aUNINA